00386pab a2200133 454500008004000000100001700040245008000057260000900137300001300146650003900159650001500198700001900213773002000232180718b1997 xxu||||| |||| 00| 0 eng d aPandey, Ajay aAnalysing female nuptiality pattern in micro level: a case of Uttar Pradesh c1997 ap.212-25 aNuptiality - India - Uttar Pradesh aNuptiality aPandey, Arvind aIASSI Quarterly